000 01012nam a22001817a 4500
005 20120208105732.0
020 _a9788181468901
_c85.00
082 _a
100 _aकला शशिकुमार
_941137
245 _aचार दोस्त /
_cकला शशिकुमार;प्रोईति रॉय द्वारा चित्रांकित;विधु पुरकायस्था द्वारा अनुदित
260 _aचैन्नई
_bतूलिका पब्लिशर्स
_c2010
270 _a13 पृथ्वी ऐवन्यु, अभिरमपुरम
_bचैन्नई
_e600018
300 _aअ.पृ.
_bसचित्र
_c18सेमी (अजिल्द)
700 _aप्रोईति रॉय
_941133
700 _aविधु पुरकायस्था
_941134
942 _2ddc
_cCH
_h
_mकलाश
999 _c62219
_d62219